| 000 | 01215nam a22002177a 4500 | ||
|---|---|---|---|
| 999 |
_c22135 _d22135 |
||
| 003 | AR-CdUCM | ||
| 008 | 190605b ||||| |||| 00| 0 spa d | ||
| 040 |
_aMUNICIPALIDAD PROVINCIAL DEL CUSCO _cBIBLIOTECA MUNICIPAL DEL CUSCO |
||
| 082 | _aPuebsdelPerú/N°24/1977 | ||
| 245 |
_aRevista pueblos del Perú y América / _cJosé A. Medina Muñiz, Director |
||
| 260 |
_aCusco. _bServicios gráficos, _c1980. |
||
| 300 |
_a 44 páginas. : _bilustraciones ; _c29 cm. |
||
| 440 |
_aRevista Pueblos del Perú y América. _nN°24, segundo trimestre 1977. _947517 |
||
| 505 | _aContenido: Pacto andino consolida unidad latinoamericana. -- Breve historia del día del Cusco. -- Personalidades y diplomáticos visitan el Cusco. -- Reportaje al Sr, Roberto Zegarra S. -- Las protestas del Sur. -- Las provincias y del descentralismo. -- Elecciones municipales. -- Homenaje al Cusco eterno. -- Perú recuerda a extraordinario musicólogo. -- El señor de los Temblores. -- Tupac Amaru sesquicentenario de la muerte de Juan Bautista. | ||
| 650 |
_aTúpac Amaru _9623 |
||
| 650 |
_aHistoria del Cusco _91714 |
||
| 650 |
_aSiglo XX _947518 |
||
| 700 |
_aAparicio Vega, Jesús Manuel _947196 |
||
| 942 |
_2ddc _cPP |
||
| 945 | _avhl | ||